000 00321nam a22001217a 4500
008 160426b xxu||||| |||| 00| 0 eng d
020 _a0826130100
020 _a0826130119
041 _aeng
080 _a618.2
245 1 0 _aChronic care nursing:
_cBobbie Jean Perdue; Noreen E. Mahon; Suzanne Law Hawes;
942 _2udc
_cBK
999 _c1619
_d1619